Political economy: (Record no. 9001)

MARC details
000 -LEADER
fixed length control field 00586 a2200193 4500
010 ## - LIBRARY OF CONGRESS CONTROL NUMBER
LC control number ENG-88677
020 ## - INTERNATIONAL STANDARD BOOK NUMBER
Terms of availability 125.00
035 ## - SYSTEM CONTROL NUMBER
System control number EN-72210
037 ## - SOURCE OF ACQUISITION
Source of stock number/acquisition DBAD / PUB
082 14 - DEWEY DECIMAL CLASSIFICATION NUMBER
Classification number 335.4
090 ## - LOCALLY ASSIGNED LC-TYPE CALL NUMBER (OCLC); LOCAL CALL NUMBER (OCLC)
-- 9166
-- 9166
245 1# - TITLE STATEMENT
Title Political economy:
Remainder of title a marxist study/
260 ## - PUBLICATION, DISTRIBUTION, ETC. (IMPRINT)
Place of publication, distribution, etc Kolkata
Name of publisher, distributor, etc National Book Agency
Date of publication, distribution, etc 2006
270 ## - ADDRESS
Address 12 Bankim Chatterjee Street,
City Kolkata
Postal code 700 073
300 ## - PHYSICAL DESCRIPTION
Extent 548p. :
Dimensions 22cm (pbk)
500 ## - GENERAL NOTE
General note Includes index
942 ## - ADDED ENTRY ELEMENTS (KOHA)
Institution code [OBSOLETE] dpl
Koha item type English Books
Call number prefix 335.4 / POL
Holdings
Withdrawn status Lost status Source of classification or shelving scheme Damaged status Not for loan Collection code Home library Current library Source of acquisition Cost, normal purchase price Total Checkouts Full call number Barcode Date last seen Copy number Uniform Resource Identifier Cost, replacement price Price effective from Koha item type
    Dewey Decimal Classification   Not For Loan Non-fiction D.B.Act.Division D.B.Act.Division DBAD/PUB 125.00   335.4 EN-72210 15/09/2008 1 9956 125.00 15/09/2008 English Books

© Delhi Public Library
Hit Counter
free hit counter